1-10 Thomas and Friends Characters - Statistics

General Stats
  • This quiz has been taken 492 times
    480 since last reset
  • The average score is 9 of 10
Answer Stats
Hint Answer % Correct
1 Thomas
100%
4 Gordon
93%
5 James
93%
2 Edward
92%
6 Percy
92%
3 Henry
91%
7 Toby
90%
9 Donald
79%
8 Duck
79%
10 Douglas
78%
No matching quizzes found
Score Distribution
Percent of People with Each Score
Percentile by Number Answered
Your Score History
You have not taken this quiz since the last reset